| 000 | 00373cam a2200145ua 4500 | ||
|---|---|---|---|
| 041 |
_aeng _h |
||
| 082 |
_a636.089 _bOCO/DO |
||
| 100 | _aO Connor, J.J . | ||
| 245 |
_aDollar`s veterinary surgery / _cJ.J O`Connor. _hTextual Documents |
||
| 260 |
_aLondon : _bBailliere, Tindall and Cox , _c1960. |
||
| 300 | _a1036 ; . | ||
| 504 | _a | ||
| 942 | _cBK | ||
| 999 |
_c8563 _d8563 |
||